00989nam a22002777a 45000010005000000030006000050050017000110080041000280200018000690400029000870500017001160820008001331000021001412450110001622500041002722600034003133000056003474900031004035050007004345200158004415210018005995210018006176500021006356500024006567000031006807251FISKH20250704110128.0250704b cb ||||| |||| 00| 0 eng d a9780590543446 aFISKHbengcFISKHdFISKH a PZ7.M1257 S a510 aMaccarone, Grace aThe silly story of Goldie locks and the three squares /cBy Grace Maccarone ; Illustrated by Anne Kennedy aThis edition first published in 1996 aNew York :bScholastic,c1996 a29 unnumbered pages :bcolor illustrations ;c23 cm aHello math readervLevel 2 aG  aA modern descendant of the Goldilocks of folklore fame makes a similar visit to a stranger's house--with a geometric twist. Includes related activities. 8 a420 bLexile 8 aG bRaz-Plus  2QeometryaReader 2ShapesaFairy tales aKennedy, Annedillustrator